000 00668nam a2200217Ii 4500
003 JO-AjNU
008 230605s9999||||xx |||||||||||||| ||und||
017 _a2014/9/4869
040 _aJO-AjNU
_bara
_erda
_cJO-AjNU
041 _aara
050 1 4 _aPJ7816 2014
100 3 _aعبابنه، سليم يوسف,
_eauthor
_957537
245 0 0 _aالمسافره
250 _aط1
264 3 1 _aاربد: دار الكتاب الثقافي،2014
300 _a148ص
336 _atext
_btxt
_2rdacontent
337 _aunmediated
_bn
_2rdamedia
338 _avolume
_bnc
_2rdacarrier
650 4 _aالقصه العربيه القصيره-العصر الحديث
_957538
999 _aA25791
_c29359
_d29359